000
00241 a2200097 4500
001
48342
100
_a
Mulla, D.F
245
_a
The elementary theory of the internal combustion engine
260
_a
London
_b
Blackie
_c
090
_c
31286
_d
31286
942
_a
NUST-CAE
_c
M
_c
23654
999
_c
283415
_d
283415